Normal view
MARC view
- DE-MECH-30
Entry Topical Term
001 - CONTROL NUMBER
- control field: 72226
003 - CONTROL NUMBER IDENTIFIER
- control field: NUST
005 - DATE AND TIME OF LATEST TRANSACTION
- control field: 20210628204747.0
008 - FIXED-LENGTH DATA ELEMENTS
- fixed length control field: 210628|| aca||aabn | a|a d
040 ## - CATALOGING SOURCE
- Original cataloging agency: NUST
- Transcribing agency: NUST
150 ## - HEADING--TOPICAL TERM
- Topical term or geographic name entry element: DE-MECH-30
670 ## - SOURCE DATA FOUND
- Source citation: Work cat.: (NUST): ABDUL WAHAB,AHMED,ARSLAN,NABEEL 72225, PR-SOF-1149-DESIGN AND FABRICATION OF A KIT TO CONVERT TEXTILE WEAVING SHUTTLE LOOMS INTO SHUTTLELESS LOOMS, 2012
